LEADER 00897cam0 22002773 450 001 SOB019693 005 20210426074631.0 010 $a8885989969 100 $a20040211d1994 |||||ita|0103 ba 101 $aita 102 $aIT 200 1 $a<>organizzazione postmoderna$fWilliam Bergquist 210 $aMilano$cBaldini & Castoldi$d1994 215 $a390 p.$d23 cm 225 2 $aEconomia e management$v4 410 1$1001LAEC00018581$12001 $a*Economia e management$v4 700 1$aBergquist$b, William$3AF00012510$4070$0629961 801 0$aIT$bUNISOB$c20210426$gRICA 850 $aUNISOB 852 $aUNISOB$j330$m113155 912 $aSOB019693 940 $aM 102 Monografia moderna SBN 941 $aM 957 $a330$b001316$gSI$d113155$rACQUISTO$1Alfano$2UNISOB$3UNISOB$420210426074601.0$520210426074615.0$6Alfano 996 $aOrganizzazione postmoderna$91223335 997 $aUNISOB